All Plants vs Zombies 2 Plants - Statistics

General Stats
  • This quiz has been taken 642 times
    245 since last reset
  • The average score is 80 of 202
Answer Stats
Unlock Mint Plant % Correct
Tutorial Appease-mint Peashooter
95%
Tutorial Enlighten-mint Sunflower
91%
Tutorial Reinforce-mint Wall-nut
90%
Tutorial Bombard-mint Potato Mine
86%
Tutorial Arma-mint Cabbage-pult
80%
Ancient Egypt Appease-mint Repeater
78%
Wild West Reinforce-mint Tall-nut
78%
Pirate Seas Bombard-mint Cherry Bomb
77%
Pirate Seas Spear-mint Spikeweed
76%
Ancient Egypt Enlighten-mint Twin Sunflower
75%
Ancient Egypt Winter-mint Iceberg Lettuce
74%
Ancient Egypt Spear-mint Bloomerang
72%
Pirate Seas Arma-mint Coconut Cannon
72%
Ancient Egypt Contain-mint Gravebuster
72%
Pirate Seas Arma-mint Kernel-pult
72%
Wild West Arma-mint Melon-pult
72%
Pirate Seas Spear-mint Spikerock
72%
Pirate Seas Appease-mint Threepeater
70%
Wild West Winter-mint Winter Melon
70%
Ancient Egypt Enforce-mint Bonk Choy
69%
Pirate Seas Pepper-mint Snapdragon
69%
Dark Ages Ail-mint Puff-shroom
68%
Premium Winter-mint Snow Pea
68%
Wild West Appease-mint Split Pea
68%
Dark Ages Enlighten-mint Sun-shroom
68%
Dark Ages Ail-mint Fume-shroom
66%
Frostbite Caves Pepper-mint Hot Potato
66%
Big Wave Beach Contain-mint Lily Pad
66%
Far Future Spear-mint Laser Bean
64%
Frostbite Caves Pepper-mint Pepper-pult
64%
Jurassic Marsh Appease-mint Primal Peashooter
64%
Jurassic Marsh Enlighten-mint Primal Sunflower
64%
Gemium Pepper-mint Fire Peashooter
63%
Wild West Fila-mint Lightning Reed
63%
Pirate Seas Contain-mint Spring Bean
63%
Dark Ages Enlighten-mint Sun Bean
63%
Wild West Ail-mint Chili Bean
61%
Premium Enforce-mint Chomper
61%
Far Future Reinforce-mint Infi-nut
61%
Gemium Pepper-mint Jalapeño
61%
Jurassic Marsh Bombard-mint Primal Potato Mine
61%
Jurassic Marsh Reinforce-mint Primal Wall-nut
61%
Far Future Contain-mint Blover
60%
Far Future Fila-mint Citron
60%
Wild West Appease-mint Pea Pod
60%
Big Wave Beach Enforce-mint Tangle Kelp
60%
Lost City Enlighten-mint Gold Leaf
59%
Lost City Reinforce-mint Endurian
58%
Far Future Enchant-mint Tile Turnip
58%
Far Future Fila-mint E.M. Peach
57%
Dark Ages Contain-mint Magnet-shroom
57%
Neon Mixtape Tour Enforce-mint Phat Beet
57%
Lost City Arma-mint A.K.E.E
55%
Lost City Appease-mint Red Stinger
54%
Big Wave Beach Arma-mint Banana Launcher
53%
Big Wave Beach Appease-mint Bowling Bulb
53%
Gemium Enchant-mint Hypno-shroom
53%
Power Mint Pepper-mint
53%
Jurassic Marsh Ail-mint Perfume-shroom
53%
Frostbite Caves Appease-mint Rotobaga
53%
Seedium Pepper-mint Torchwood
53%
Gemium Enforce-mint Squash
52%
Power Mint Appease-mint
51%
Power Mint Bombard-mint
51%
Frostbite Caves Reinforce-mint Chard Guard
51%
Power Mint Enchant-mint
51%
Modern Day Conceal-mint Moonflower
51%
Neon Mixtape Tour Enforce-mint Celery Stalker
50%
Power Mint Fila-mint
50%
Neon Mixtape Tour Ail-mint Garlic
50%
Power Mint Spear-mint
50%
Power Mint Ail-mint
49%
Power Mint Arma-mint
49%
Premium Spear-mint Cactus
49%
Power Mint Contain-mint
49%
Power Mint Enlighten-mint
49%
Lost City Contain-mint Stallia
49%
Neon Mixtape Tour Contain-mint Thyme Warp
49%
Power Mint Winter-mint
49%
Big Wave Beach Enforce-mint Guacodile
48%
Power Mint Enforce-mint
47%
Zen Garden Marigold
47%
Premium Enchant-mint Power Lily
46%
Frostbite Caves Contain-mint Stunion
46%
Premium Enchant-mint Imitater
45%
Power Mint Conceal-mint
44%
Seedium Bombard-mint Doom-Shroom
44%
Modern Day Conceal-mint Nightshade
44%
Neon Mixtape Tour Ail-mint Spore-shroom
44%
Modern Day Conceal-mint Dusk Lobber
43%
Premium Enlighten-mint Gold Bloom
43%
Seedium Reinforce-mint Pumpkin
43%
Premium Winter-mint Cold Snapdragon
42%
Premium Fila-mint Electric Peashooter
41%
Seedium Ail-mint Goo Peashooter
41%
Modern Day Conceal-mint Grimrose
41%
Neon Mixtape Tour Enchant-mint Intensive Carrot
41%
Seedium Conceal-mint Shadow Peashooter
41%
Seedium Appease-mint Starfruit
41%
Seedium Ail-mint Scaredy-shroom
40%
Gemium Contain-mint Hurrikale
39%
Far Future Fila-mint Magnifying Grass
39%
Modern Day Conceal-mint Shadow-shroom
39%
Gemium Pepper-mint Ghost Pepper
38%
Premium Bombard-mint Grapeshot
38%
Gemium Reinforce-mint Peanut
38%
Premium Fila-mint Electric Blueberry
37%
Seedium Winter-mint Ice-Shroom
36%
Premium Enlighten-mint Toadstool
36%
Gemium Enchant-mint Shrinking Violet
34%
Seedium Spear-mint Pokra
33%
Gemium Fila-mint Electric Currant
32%
Gemium Pepper-mint Lava Guava
32%
Seedium Appease-mint Mega Gatling Pea
32%
Seedium Appease-mint Pea Vine
32%
Premium Arma-mint Apple Mortar
31%
Premium Bombard-mint Escape Root
31%
Seedium Enforce-mint Snap Pea
31%
Premium Enchant-mint Caulipower
30%
Seedium Bombard-mint Explode-o-nut
30%
Premium Enforce-mint Kiwi Beast
30%
Gemium Contain-mint Sap-fling
30%
Gemium Enforce-mint Sweet Potato
30%
Premium Enchant-mint Witch Hazel
30%
Gemium Spear-mint Homing Thistle
29%
Seedium Ail-mint Seashroom
29%
Premium Enforce-mint Wasabi Whip
29%
Seedium Arma-mint Sling Pea
28%
Premium Pepper-mint Jack-o-Lantern
27%
Seedium Pepper-mint Pyre Vine
27%
Seedium Reinforce-mint Aloe
26%
Seedium Winter-mint Iceweed
26%
Premium Winter-mint Missile Toe
26%
Seedium Enlighten-mint Solar Tomato
26%
Seedium Conceal-mint Gloom Vine
25%
Seedium Pepper-mint Hot Date
25%
Seedium Enlighten-mint Shine Vine
25%
Seedium Appease-mint Dandelion
24%
Premium Bombard-mint Strawburst
24%
Seedium Arma-mint Blastberry Vine
23%
Seedium Fila-mint Electrici-tea
22%
Seedium Winter-mint Ice Bloom
22%
Seedium Enlighten-mint Solar Sage
22%
Seedium Bombard-mint Bombegranate
21%
Seedium Ail-mint Imp Pear
21%
Seedium Ail-mint Nightcap
21%
Premium Enforce-mint Parsnip
21%
Seedium Fila-mint Ultomato
21%
Seedium Enchant-mint Zoybean Pod
21%
Premium Reinforce-mint Holly Barrier
20%
Seedium Enchant-mint Levitater
20%
Seedium Contain-mint Tomb Tangler
20%
Seedium Appease-mint Tumbleweed
20%
Seedium Arma-mint Turkey-pult
20%
Seedium Reinforce-mint Gumnut
19%
Seedium Ail-mint Blooming Heart
18%
Seedium Winter-mint Chilly Pepper
18%
Seedium Contain-mint Dazey Chain
18%
Seedium Bombard-mint Explode-o-Vine
18%
Seedium Arma-mint Murkadamia Nut
18%
Seedium Enforce-mint Tiger Grass
18%
Seedium Spear-mint Aqua Vine
17%
Seedium Bombard-mint Teleportato Mine
17%
Seedium Bombard-mint Boom Balloon Flower
16%
Seedium Enforce-mint Headbutter Lettuce
16%
Seedium Fila-mint Power Vine
16%
Seedium Ail-mint Puffball
16%
Seedium Spear-mint Dartichoke
15%
Seedium Conceal-mint Dragon Bruit
15%
Seedium Contain-mint Olive Pit
15%
Seedium Arma-mint Stickybomb Rice
15%
Seedium Reinforce-mint Blockoli
14%
Seedium Contain-mint Buttercup
14%
Seedium Reinforce-mint Guard Shroom
14%
Seedium Enchant-mint Hocus Crocus
14%
Seedium Conceal-mint Noctarine
14%
Seedium Enforce-mint Rhubarbarian
14%
Seedium Spear-mint Bamboo Spartan
13%
Seedium Reinforce-mint Bean Sprout
13%
Seedium Enforce-mint Bun Chi
13%
Seedium Contain-mint Cran Jelly
13%
Seedium Fila-mint Electric Peel
13%
Seedium Spear-mint Heath Seeker
13%
Seedium Pepper-mint Inferno
13%
Seedium Arma-mint Mangofier
13%
Seedium Pepper-mint Meteor Flower
13%
Seedium Enlighten-mint Sundew Tangler
13%
Seedium Ail-mint Vamporcini
13%
Seedium Winter-mint Boingsetta
12%
Seedium Winter-mint Frost Bonnet
12%
Seedium Pepper-mint Blaze Leaf
11%
Seedium Arma-mint Corn-fetti Popper
11%
Seedium Contain-mint Draftodil
11%
Seedium Enchant-mint MayBee
11%
Seedium Enchant-mint Znake Lily
11%
Seedium Arma-mint BoomBerry
10%
Seedium Spear-mint Seaflora
10%
Seedium Contain-mint Blast Spinner
7%
Seedium FIla-mint Buzz Button
6%
Seedium Enforce-mint Hammeruit
5%
Seedium Spear-mint Sweetheart Snare
5%
Seedium Bombard-mint Bud'uh Bloom
1%
No matching quizzes found
Score Distribution
Percent of People with Each Score
Percentile by Number Answered
Your Score History
You have not taken this quiz since the last reset